[Event "25. Copenhagen Open  (Politiken Cup)"]
[Site "Copenhagen"]
[Date "2003.07.20"]
[Round "7"]
[White "Draeger, Michael"]
[Black "Edvardsen, Ingar"]
[Result "0-1"]
[WhiteElo "1702"]
[BlackElo "1156"]
[PlyCount "100"]
[EventDate "2003.07.14"]
[EventType "swiss"]
[EventRounds "11"]
[EventCountry "DEN"]
[SourceDate "2004.01.01"]

1. e4 Nf6 2. e5 Nd5 3. d4 d6 4. c4 Nb6 5. Nf3 Bf5 6. Nc3 Nc6 7. a3 dxe5 8. d5
Nd4 9. Nxd4 exd4 10. Qxd4 e6 11. Be3 exd5 12. cxd5 Qf6 13. Qxf6 gxf6 14. Bb5+
Bd7 15. Bxb6 axb6 16. Bxd7+ Kxd7 17. O-O Be7 18. b4 h5 19. Nb5 h4 20. Rfd1 Rh7
21. Rac1 Bd6 22. Nxd6 Kxd6 23. Rc3 Re8 24. Rdc1 Re7 25. Rf3 Rh6 26. Rd1 Re5 27.
Rfd3 Rhh5 28. g4 hxg3 29. fxg3 Rxd5 30. Rxd5+ Rxd5 31. Rxd5+ Kxd5 32. h4 Ke5
33. Kf2 Kf5 34. Ke3 c5 35. Kd3 Kg4 36. Kc4 f5 37. bxc5 f4 38. gxf4 Kxf4 39.
cxb6 Kg4 40. Kd3 Kxh4 41. Ke2 Kg5 42. Kf3 Kf6 43. a4 Ke6 44. a5 Kd6 45. Kf4 Kc6
46. Ke5 Kb5 47. a6 Kxa6 48. Kf6 Kxb6 49. Kxf7 Kc5 50. Ke6 b5 0-1

[Event "25. Copenhagen Open  (Politiken Cup)"]
[Site "Copenhagen"]
[Date "2003.07.20"]
[Round "7"]
[White "Eddy, Samuel"]
[Black "Pedersen, Thomas"]
[Result "1-0"]
[WhiteElo "2055"]
[BlackElo "1671"]
[PlyCount "67"]
[EventDate "2003.07.14"]
[EventType "swiss"]
[EventRounds "11"]
[EventCountry "DEN"]
[SourceDate "2004.01.01"]

1. e4 c5 2. Nf3 d6 3. d3 Nc6 4. g3 g6 5. Bg2 Bg7 6. O-O Nf6 7. c3 Rb8 8. a4 a6
9. Na3 Bd7 10. Be3 b5 11. axb5 axb5 12. Nc2 b4 13. Nh4 bxc3 14. bxc3 O-O 15. f4
Ng4 16. Bd2 Rb3 17. h3 Nf6 18. Ne3 Nh5 19. Qxb3 Nxg3 20. Rf3 e5 21. Nxg6 hxg6
22. f5 Ne2+ 23. Kf1 Nf4 24. fxg6 Qg5 25. gxf7+ Kh7 26. Ng4 Bxg4 27. hxg4 Qxg4
28. Bxf4 exf4 29. Qd5 Ne5 30. Rh3+ Kg6 31. Qxd6+ Bf6 32. Qxf8 Nxf7 33. Qg8+ Bg7
34. Ra6+ 1-0

[Event "25. Copenhagen Open  (Politiken Cup)"]
[Site "Copenhagen"]
[Date "2003.07.20"]
[Round "7"]
[White "Edvardsen, Ragnar"]
[Black "Andreasen, Jakup a Rogvi"]
[Result "1/2-1/2"]
[WhiteElo "2092"]
[BlackElo "1784"]
[PlyCount "82"]
[EventDate "2003.07.14"]
[EventType "swiss"]
[EventRounds "11"]
[EventCountry "DEN"]
[SourceDate "2004.01.01"]

1. e4 c5 2. Nf3 Nc6 3. d4 cxd4 4. Nxd4 e5 5. Nb5 d6 6. N1c3 a6 7. Na3 b5 8. Nd5
Nge7 9. c3 Nxd5 10. exd5 Ne7 11. Nc2 Bd7 12. Be2 g6 13. O-O Bg7 14. Be3 O-O 15.
c4 f5 16. f3 f4 17. Bf2 Nf5 18. Rc1 bxc4 19. Bxc4 Bf6 20. Qe2 Bh4 21. Bd3 Ng3
22. hxg3 Bxg3 23. Bxg3 fxg3 24. Rfe1 Qh4 25. Qe3 Qh2+ 26. Kf1 Qh1+ 27. Qg1
Rxf3+ 28. Ke2 Rf2+ 29. Qxf2 Qh5+ 30. Qf3 Bg4 31. Rh1 Bxf3+ 32. gxf3 Qg5 33. Ne3
Rb8 34. b3 Rf8 35. Be4 h5 36. Rcg1 Kg7 37. Rh3 h4 38. Ng2 Rh8 39. Kd3 Qd8 40.
Nxh4 Rxh4 41. Rhxg3 Qb8 1/2-1/2

[Event "25. Copenhagen Open  (Politiken Cup)"]
[Site "Copenhagen"]
[Date "2003.07.20"]
[Round "7"]
[White "Eiholt, Bjarne"]
[Black "Christensen, Jens"]
[Result "0-1"]
[WhiteElo "1690"]
[BlackElo "1300"]
[PlyCount "48"]
[EventDate "2003.07.14"]
[EventType "swiss"]
[EventRounds "11"]
[EventCountry "DEN"]
[SourceDate "2004.01.01"]

1. d4 Nf6 2. c4 e6 3. Nc3 Bb4 4. Qc2 c5 5. dxc5 Bxc5 6. Nf3 Nc6 7. a3 d5 8.
cxd5 Nxd5 9. Nxd5 Qxd5 10. b4 Nd4 11. Qxc5 Qxc5 12. bxc5 Nc2+ 13. Kd1 Nxa1 14.
Nd2 Bd7 15. e3 Ba4+ 16. Ke2 Nb3 17. Nxb3 Bxb3 18. Ke1 O-O-O 19. Be2 Rd5 20. c6
bxc6 21. Bf3 Rc5 22. Bd2 Rd8 23. Be4 f5 24. Bb1 Rcd5 0-1

[Event "25. Copenhagen Open  (Politiken Cup)"]
[Site "Copenhagen"]
[Date "2003.07.20"]
[Round "7"]
[White "Fogh, Jens Olaf Svanholm"]
[Black "Egeland, Marte"]
[Result "0-1"]
[WhiteElo "1568"]
[BlackElo "1990"]
[PlyCount "46"]
[EventDate "2003.07.14"]
[EventType "swiss"]
[EventRounds "11"]
[EventCountry "DEN"]
[SourceDate "2004.01.01"]

1. d4 Nf6 2. Nf3 e6 3. b3 b6 4. e3 Bb7 5. Nbd2 Be7 6. Bd3 O-O 7. O-O Ng4 8. Bb2
f5 9. e4 fxe4 10. Bxe4 Bxe4 11. Nxe4 d5 12. Ng3 Bd6 13. h3 Bxg3 14. fxg3 Ne3
15. Qe1 Nxf1 16. Qxe6+ Kh8 17. Ne5 Nxg3 18. c4 Qf6 19. Qxd5 c6 20. Nxc6 Nxc6
21. Bc3 Qf2+ 22. Kh2 Qf4 23. Qf3 Nf1+ 0-1

[Event "25. Copenhagen Open  (Politiken Cup)"]
[Site "Copenhagen"]
[Date "2003.07.20"]
[Round "7"]
[White "Frank Nielsen, Marie"]
[Black "Olsen, Miriam Frida"]
[Result "1/2-1/2"]
[WhiteElo "1629"]
[BlackElo "2036"]
[PlyCount "65"]
[EventDate "2003.07.14"]
[EventType "swiss"]
[EventRounds "11"]
[EventCountry "DEN"]
[SourceDate "2004.01.01"]

1. e4 c5 2. d4 cxd4 3. c3 dxc3 4. Nxc3 Nc6 5. Bc4 e6 6. Bf4 a6 7. Nf3 b5 8. Bb3
Nge7 9. O-O Ng6 10. Bg3 Be7 11. Qe2 O-O 12. Rfd1 Qb6 13. h4 f6 14. Rac1 Nge5
15. Nxe5 fxe5 16. Nd5 exd5 17. exd5 Na5 18. d6+ Nxb3 19. dxe7 Re8 20. Qxe5 Nxc1
21. Qd5+ Qe6 22. Qxa8 Ne2+ 23. Kh2 Nxg3 24. fxg3 Qc6 25. Qb8 Rxe7 26. Qf4 Re2
27. Qf1 Qe4 28. Rd4 Qe8 29. Qf3 Rxb2 30. Re4 Qf8 31. Rf4 Qd8 32. Qd5+ Kh8 33.
Qf3 1/2-1/2

[Event "25. Copenhagen Open  (Politiken Cup)"]
[Site "Copenhagen"]
[Date "2003.07.20"]
[Round "7"]
[White "Glud, Jakob Vang"]
[Black "Nordfjord, Sverrir"]
[Result "1-0"]
[WhiteElo "2173"]
[BlackElo "2057"]
[PlyCount "81"]
[EventDate "2003.07.14"]
[EventType "swiss"]
[EventRounds "11"]
[EventCountry "DEN"]
[SourceDate "2004.01.01"]

1. e4 e5 2. Nf3 Nc6 3. Bb5 f5 4. Nc3 fxe4 5. Nxe4 Nf6 6. Nxf6+ Qxf6 7. Qe2 Be7
8. Bxc6 dxc6 9. Nxe5 Bf5 10. O-O O-O-O 11. d3 Bd6 12. Nc4 Rhf8 13. Be3 Kb8 14.
Qd2 h6 15. Nxd6 Qxd6 16. b4 Qg6 17. f3 h5 18. Qf2 a6 19. a4 Rd5 20. Rfe1 Re8
21. Bf4 Re6 22. Rxe6 Bxe6 23. Re1 Qf7 24. Qe3 Bc8 25. Bg3 g5 26. Bf2 b6 27. c4
Rf5 28. a5 c5 29. Rb1 Qf8 30. bxc5 g4 31. axb6 c6 32. Bg3+ Kb7 33. Bd6 Qf6 34.
Re1 Bd7 35. f4 a5 36. Be5 Qh4 37. Ra1 Rf8 38. Rxa5 Ra8 39. Rxa8 Kxa8 40. g3 Qe7
41. d4 1-0

[Event "25. Copenhagen Open  (Politiken Cup)"]
[Site "Copenhagen"]
[Date "2003.07.20"]
[Round "7"]
[White "Greger, Roland Reinhard"]
[Black "Malmdin, Nils Ake"]
[Result "1/2-1/2"]
[WhiteElo "2342"]
[BlackElo "2190"]
[PlyCount "102"]
[EventDate "2003.07.14"]
[EventType "swiss"]
[EventRounds "11"]
[EventCountry "DEN"]
[SourceDate "2004.01.01"]

1. e4 d5 2. exd5 Nf6 3. Nf3 Bg4 4. d4 Qxd5 5. c4 Bxf3 6. gxf3 Qd7 7. Nc3 e6 8.
Bh3 Bb4 9. Rg1 Nc6 10. d5 Rd8 11. Rxg7 Qe7 12. Bxe6 Rg8 13. Rxg8+ Nxg8 14. Qa4
Kf8 15. Be3 Ne5 16. Bg4 Nxc4 17. Ke2 Nxe3 18. fxe3 Bxc3 19. bxc3 Rxd5 20. Rd1
Rxd1 21. Qxd1 Qe5 22. Qd8+ Kg7 23. Qd4 Qxd4 24. cxd4 Ne7 25. Bd7 Kf6 26. Kd3
Ng6 27. Bc8 b6 28. Kc4 Ne7 29. Bd7 c6 30. Kd3 h5 31. Ke4 c5 32. d5 Ng6 33. Bb5
Ke7 34. Kf5 Kd6 35. e4 Nh4+ 36. Kf4 Ng6+ 37. Kg5 Ke5 38. Kxh5 Nf4+ 39. Kg4 f5+
40. exf5 Nxd5 41. h4 Kf6 42. h5 c4 43. h6 c3 44. Bd3 c2 45. Bxc2 Ne3+ 46. Kf4
Nxc2 47. Ke4 Nb4 48. a4 Nc6 49. f4 a6 50. Kd5 Nd8 51. Kd6 b5 1/2-1/2

[Event "25. Copenhagen Open  (Politiken Cup)"]
[Site "Copenhagen"]
[Date "2003.07.20"]
[Round "7"]
[White "Gregusson, Magnus Albert"]
[Black "Helin, Mikael"]
[Result "1-0"]
[WhiteElo "1500"]
[BlackElo "1971"]
[PlyCount "109"]
[EventDate "2003.07.14"]
[EventType "swiss"]
[EventRounds "11"]
[EventCountry "DEN"]
[SourceDate "2004.01.01"]

1. g3 c5 2. Bg2 Nc6 3. d3 g6 4. Nc3 Bg7 5. Bd2 d6 6. e3 e5 7. Nge2 Be6 8. Nd5
Qd7 9. O-O h5 10. Nec3 h4 11. Qe2 Rb8 12. a4 g5 13. f4 hxg3 14. hxg3 gxf4 15.
gxf4 exf4 16. Nxf4 Bg4 17. Qf2 Bf6 18. Nfd5 Be5 19. Nf4 f6 20. Ncd5 Qh7 21. Qg3
f5 22. Bc3 Nd4 23. exd4 cxd4 24. Bd2 Kd7 25. Kf2 Qf7 26. Rh1 Nh6 27. Qh4 Rbg8
28. Qe7+ Qxe7 29. Nxe7 Kxe7 30. Nd5+ Kd7 31. Rxh6 Rc8 32. Rxh8 Rxc2 33. Rh7+
Kd8 34. Kg1 Rxd2 35. Rxb7 f4 36. Rf1 f3 37. Rxf3 Bxf3 38. Bxf3 Rxd3 39. Kf2
Rd2+ 40. Ke1 Rh2 41. Be2 Rg2 42. b4 Rg3 43. Kd2 Bg7 44. Rxa7 Bh6+ 45. Kc2 Rg2
46. Kd3 Bg7 47. a5 Rg3+ 48. Kc4 Rg1 49. a6 Be5 50. Rf7 Rc1+ 51. Kd3 Ra1 52. a7
Ra3+ 53. Kc4 d3 54. Bxd3 Ke8 55. Rb7 1-0

[Event "25. Copenhagen Open  (Politiken Cup)"]
[Site "Copenhagen"]
[Date "2003.07.20"]
[Round "7"]
[White "Grove, Peter"]
[Black "Pedersen, Rune Linnebo"]
[Result "0-1"]
[WhiteElo "1577"]
[BlackElo "1800"]
[PlyCount "46"]
[EventDate "2003.07.14"]
[EventType "swiss"]
[EventRounds "11"]
[EventCountry "DEN"]
[SourceDate "2004.01.01"]

1. e4 c5 2. Nf3 Nc6 3. d4 cxd4 4. Nxd4 g6 5. Be3 Nf6 6. Nc3 Bg7 7. Bc4 Qa5 8.
Nb3 Qb4 9. Bd3 Nxe4 10. O-O Nxc3 11. bxc3 Qxc3 12. Re1 O-O 13. Be4 d6 14. Bxc6
Qxc6 15. Bd4 e5 16. Bb2 Bf5 17. Ba3 Rfd8 18. Re2 Rac8 19. Qf1 a5 20. h3 a4 21.
g4 Bxc2 22. Rc1 axb3 23. axb3 Qa6 0-1

[Event "25. Copenhagen Open  (Politiken Cup)"]
[Site "Copenhagen"]
[Date "2003.07.20"]
[Round "7"]
[White "Grubert, Christian"]
[Black "Frisk, Hans"]
[Result "1-0"]
[WhiteElo "2168"]
[BlackElo "1980"]
[PlyCount "143"]
[EventDate "2003.07.14"]
[EventType "swiss"]
[EventRounds "11"]
[EventCountry "DEN"]
[SourceDate "2004.01.01"]

1. e4 e5 2. Nf3 Nc6 3. Bb5 f5 4. d3 fxe4 5. dxe4 Nf6 6. O-O Bc5 7. Bg5 d6 8.
Nc3 O-O 9. Bc4+ Kh8 10. Nd5 Ne7 11. Nxf6 gxf6 12. Bh6 Rg8 13. Bxg8 Qxg8 14. Qd3
Be6 15. Be3 Bc4 16. Qc3 Bxf1 17. Rxf1 Bxe3 18. fxe3 Nc6 19. a3 Qg4 20. Qd3 Rg8
21. Ne1 Qh4 22. g3 Qh6 23. Ng2 a6 24. Qb3 Nd8 25. Nh4 Rg4 26. Nf5 Qh3 27. Qc4
c6 28. Qb4 Nf7 29. Qxb7 Nh6 30. Qxc6 Nxf5 31. Qc8+ Rg8 32. Qxf5 Qxf5 33. exf5
Rc8 34. Re1 d5 35. Kf2 e4 36. Ke2 Kg7 37. h4 h5 38. Kd2 Kf7 39. b3 Rg8 40. Rg1
Rg4 41. Kc3 Ke7 42. Kb4 Kd6 43. Ka5 Ke5 44. Kxa6 d4 45. b4 dxe3 46. b5 e2 47.
b6 Kd6 48. b7 Kc7 49. Ka7 Rg8 50. Re1 Rb8 51. Rxe2 Rxb7+ 52. Ka6 Rb8 53. Rxe4
Ra8+ 54. Kb5 Rxa3 55. Re7+ Kd8 56. Rh7 Rxg3 57. c4 Rb3+ 58. Kc5 Ra3 59. Rxh5
Ra5+ 60. Kb6 Ra1 61. c5 Rb1+ 62. Kc6 Rf1 63. Kd6 Rd1+ 64. Ke6 Rc1 65. Rh8+ Kc7
66. Kxf6 Rxc5 67. h5 Kd7 68. h6 Rc6+ 69. Kf7 Rb6 70. h7 Rh6 71. Kg7 Rh1 72. Ra8
1-0

[Event "25. Copenhagen Open  (Politiken Cup)"]
[Site "Copenhagen"]
[Date "2003.07.20"]
[Round "7"]
[White "Hagesaether, Torill"]
[Black "Rossen, Claus"]
[Result "0-1"]
[WhiteElo "2051"]
[BlackElo "2202"]
[PlyCount "128"]
[EventDate "2003.07.14"]
[EventType "swiss"]
[EventRounds "11"]
[EventCountry "DEN"]
[SourceDate "2004.01.01"]

1. e4 d6 2. d4 Nf6 3. Nc3 g6 4. h3 Bg7 5. Be3 c6 6. a4 Qa5 7. Qd2 e5 8. Nge2
Be6 9. g4 Bc4 10. Bg2 Bxe2 11. Nxe2 Qxd2+ 12. Kxd2 O-O 13. Rad1 Na6 14. c3 exd4
15. Bxd4 Rfe8 16. Ng3 Bh6+ 17. Kc2 Nd7 18. Rhe1 Ndc5 19. b3 Ne6 20. Be3 Bxe3
21. Rxe3 Rad8 22. Ne2 Nac5 23. h4 Kf8 24. Rg3 Ng7 25. Re3 a5 26. Nd4 h6 27.
Rde1 Nge6 28. Nxe6+ Nxe6 29. Rf3 d5 30. Rf6 d4 31. Bf1 Kg7 32. e5 Nc7 33. Bc4
Nd5 34. Bxd5 Rxd5 35. f4 dxc3 36. Rd1 Rxd1 37. Kxd1 g5 38. hxg5 hxg5 39. Kc2
gxf4 40. Rxf4 Rxe5 41. Kxc3 b5 42. Rd4 Re3+ 43. Kc2 Kg6 44. Rd7 bxa4 45. bxa4
Re4 46. Kb3 Rb4+ 47. Ka3 Rxg4 48. Rd6+ Kf5 49. Rxc6 Rg3+ 50. Kb2 Rg5 51. Kb3
Kg4 52. Ra6 Re5 53. Rf6 Rf5 54. Rb6 Kg5 55. Kc4 Re5 56. Rb5 f6 57. Kd4 Kf4 58.
Kc4 f5 59. Rb7 Ke4 60. Rd7 f4 61. Rd4+ Ke3 62. Rd3+ Ke2 63. Kc3 Re3 64. Rxe3+
Kxe3 0-1

[Event "25. Copenhagen Open  (Politiken Cup)"]
[Site "Copenhagen"]
[Date "2003.07.20"]
[Round "7"]
[White "Hansen, Alexei"]
[Black "Christensen, Christoffer"]
[Result "0-1"]
[WhiteElo "1973"]
[BlackElo "1599"]
[PlyCount "116"]
[EventDate "2003.07.14"]
[EventType "swiss"]
[EventRounds "11"]
[EventCountry "DEN"]
[SourceDate "2004.01.01"]

1. e4 d6 2. d4 Nf6 3. Nc3 g6 4. f3 Bg7 5. Be3 O-O 6. Qd2 a6 7. Be2 b5 8. g4 e5
9. O-O-O b4 10. Nb1 exd4 11. Bxd4 Nc6 12. Be3 Be6 13. b3 a5 14. Bh6 a4 15. Bxg7
Kxg7 16. h4 axb3 17. axb3 Ra1 18. Qe3 Qa8 19. Nh3 Qa7 20. Qxa7 Rxa7 21. Nf4 h6
22. g5 hxg5 23. hxg5 Nd7 24. Rh6 Raa8 25. Rdh1 Rh8 26. Nxe6+ fxe6 27. Bb5 Nde5
28. Rxh8 Rxh8 29. Rxh8 Kxh8 30. f4 Nd4 31. Bf1 Nef3 32. Bd3 e5 33. fxe5 dxe5
34. Nd2 Nxd2 35. Kxd2 Nf3+ 36. Ke3 Nxg5 37. Bb5 Nf7 38. Kf3 Kg7 39. Kg4 Kf6 40.
Bd7 Nh6+ 41. Kh4 Nf7 42. Kg4 Nd8 43. Bb5 Ne6 44. Be2 Nc5 45. Bf3 Ne6 46. Be2
Nf4 47. Bf1 g5 48. Kg3 Kg6 49. Bb5 Ne6 50. Be2 Nd8 51. Bb5 Nf7 52. Kg4 Nh6+ 53.
Kg3 Kf6 54. Kf3 Kg6 55. Kg3 Ng8 56. Be8+ Kg7 57. Bb5 Nf6 58. Kf3 Kh6 0-1

[Event "25. Copenhagen Open  (Politiken Cup)"]
[Site "Copenhagen"]
[Date "2003.07.20"]
[Round "7"]
[White "Hansen, Anders"]
[Black "Aabling Thomsen, Jakob"]
[Result "0-1"]
[WhiteElo "2044"]
[BlackElo "2158"]
[PlyCount "66"]
[EventDate "2003.07.14"]
[EventType "swiss"]
[EventRounds "11"]
[EventCountry "DEN"]
[SourceDate "2004.01.01"]

1. d4 Nf6 2. c4 e6 3. Nf3 b6 4. g3 Ba6 5. b3 Bb4+ 6. Bd2 Be7 7. Bg2 c6 8. O-O
d5 9. Qc2 O-O 10. Rd1 Nbd7 11. Bf4 Rc8 12. Nc3 c5 13. e4 cxd4 14. Rxd4 dxc4 15.
Rad1 Bc5 16. Rxd7 Nxd7 17. e5 cxb3 18. Qxb3 Rc7 19. Ne4 Be7 20. h4 Qc8 21. Nfg5
h6 22. Nf3 Nc5 23. Nxc5 Rxc5 24. Qe3 Rc3 25. Qe4 Bb7 26. Qe2 Rc2 27. Nd2 Bxg2
28. Kxg2 Rd8 29. Qg4 Qc6+ 30. Kh2 Qa4 31. Kg2 Kf8 32. Qf3 Rxa2 33. Qe3 Qxd1 0-1

[Event "25. Copenhagen Open  (Politiken Cup)"]
[Site "Copenhagen"]
[Date "2003.07.20"]
[Round "7"]
[White "Hansen, Ejlif Trier"]
[Black "Hogh, Sidsel T"]
[Result "0-1"]
[WhiteElo "1291"]
[BlackElo "1438"]
[PlyCount "82"]
[EventDate "2003.07.14"]
[EventType "swiss"]
[EventRounds "11"]
[EventCountry "DEN"]
[SourceDate "2004.01.01"]

1. d4 Nf6 2. c4 g6 3. Nc3 Bg7 4. Nf3 O-O 5. Bg5 d6 6. h3 a5 7. e4 Qe8 8. Bd3 e5
9. d5 Na6 10. O-O h6 11. Be3 Nh5 12. Qd2 Kh7 13. g4 Nf6 14. Kh2 Qd7 15. Rg1 Rh8
16. Rg3 Kg8 17. Ng1 Qe7 18. Be2 Bd7 19. a3 a4 20. f3 b6 21. Na2 Nc5 22. Nc1 Rf8
23. Rb1 Nfxe4 24. fxe4 Nxe4 25. Qe1 Nxg3 26. Qxg3 f5 27. Bd2 fxg4 28. Bxg4 Bxg4
29. hxg4 Qf6 30. Nd3 e4 31. Bc3 Qf7 32. Bxg7 Kxg7 33. Nb4 Qf2+ 34. Qxf2 Rxf2+
35. Kg3 Rhf8 36. Nc6 Rf1 37. Rxf1 Rxf1 38. Kg2 Rc1 39. Ne2 Rxc4 40. Ned4 Kf6
41. Ne6 Rxc6 0-1

[Event "25. Copenhagen Open  (Politiken Cup)"]
[Site "Copenhagen"]
[Date "2003.07.20"]
[Round "7"]
[White "Hansen, Rene Rauer"]
[Black "Hansen, Jens Martin"]
[Result "1-0"]
[WhiteElo "2055"]
[BlackElo "1731"]
[PlyCount "111"]
[EventDate "2003.07.14"]
[EventType "swiss"]
[EventRounds "11"]
[EventCountry "DEN"]
[SourceDate "2004.01.01"]

1. d4 d5 2. g3 Nf6 3. Bg2 c6 4. Nf3 Bf5 5. O-O h6 6. b3 e6 7. c4 Bd6 8. Bb2
Nbd7 9. Na3 O-O 10. Nc2 Qe7 11. cxd5 exd5 12. Nce1 Rfe8 13. e3 Qe6 14. Nd3 Bh3
15. Rc1 g5 16. Nc5 Bxc5 17. dxc5 Bxg2 18. Kxg2 Qe4 19. Qd4 Kh7 20. Qxe4+ Nxe4
21. Bd4 f5 22. h4 Kg6 23. hxg5 hxg5 24. Rh1 Re7 25. Ne1 Rh7 26. Rg1 Re8 27. Nd3
Ree7 28. Rb1 Rh6 29. Rh1 Reh7 30. Rxh6+ Rxh6 31. Rb2 b6 32. b4 b5 33. a4 a6 34.
axb5 axb5 35. Ra2 Kf7 36. f3 Nef6 37. Ra7 Ke8 38. Rc7 Ng8 39. Rc8+ Kf7 40. Be5
Re6 41. f4 g4 42. Kf2 Ne7 43. Rc7 Nxe5 44. Nxe5+ Kf8 45. Rd7 Ng6 46. Rd6 Rxd6
47. cxd6 Nxe5 48. fxe5 Kf7 49. d7 Ke7 50. e6 Kd8 51. Ke2 Kc7 52. Kd3 Kd8 53.
Kd4 Kc7 54. Kc5 Kd8 55. Kd6 d4 56. e7# 1-0

[Event "25. Copenhagen Open  (Politiken Cup)"]
[Site "Copenhagen"]
[Date "2003.07.20"]
[Round "7"]
[White "Harstad, Christian"]
[Black "Nielsen, Jens Holm"]
[Result "1-0"]
[WhiteElo "1714"]
[BlackElo "2102"]
[PlyCount "31"]
[EventDate "2003.07.14"]
[EventType "swiss"]
[EventRounds "11"]
[EventCountry "DEN"]
[SourceDate "2004.01.01"]

1. d4 Nf6 2. c4 c6 3. Nc3 d5 4. Nf3 e6 5. Bg5 Nbd7 6. e3 Qa5 7. cxd5 Nxd5 8.
Qd2 Bb4 9. Rc1 N7f6 10. Bd3 h6 11. Bh4 Bd6 12. O-O Qc7 13. Nb5 Qe7 14. Nxd6+
Qxd6 15. e4 g5 16. Bg3 1-0

[Event "25. Copenhagen Open  (Politiken Cup)"]
[Site "Copenhagen"]
[Date "2003.07.20"]
[Round "7"]
[White "Hartung Nielsen, Jens"]
[Black "Jakobsen, Hans Endrup"]
[Result "1/2-1/2"]
[WhiteElo "2233"]
[BlackElo "1918"]
[PlyCount "229"]
[EventDate "2003.07.14"]
[EventType "swiss"]
[EventRounds "11"]
[EventCountry "DEN"]
[SourceDate "2004.01.01"]

1. d4 Nf6 2. Nf3 e6 3. e3 d5 4. Bd3 c5 5. b3 Nc6 6. Bb2 Be7 7. O-O O-O 8. Ne5
Qc7 9. a3 b6 10. f4 Bb7 11. Rf3 Ne4 12. Rh3 g6 13. Nd2 Nxe5 14. Bxe4 dxe4 15.
dxe5 Rad8 16. Qe1 b5 17. g4 f5 18. exf6 Bxf6 19. Bxf6 Rxf6 20. Qh4 Rf7 21. Nf1
Rd6 22. Rg3 Qd7 23. Rg2 c4 24. Qe1 cxb3 25. cxb3 Rd3 26. Re2 Qd5 27. b4 Rxf4
28. Rg2 Rf3 29. Qc1 Qe5 30. Qb2 Qxb2 31. Rxb2 Bd5 32. Rf2 e5 33. Kg2 Rc3 34. h3
Kg7 35. a4 bxa4 36. Rxa4 Rc7 37. Ra5 Rxf2+ 38. Kxf2 Bc4 39. Nd2 Rf7+ 40. Kg3
Bd3 41. Rxe5 Rb7 42. Nxe4 Rxb4 43. Nc5 Bc2 44. Re7+ Kf6 45. Rxa7 h5 46. Ra6+
Kf7 47. Ra7+ Kf6 48. Nd7+ Ke6 49. Nf8+ Kf6 50. Nh7+ Ke5 51. Ra5+ Kd6 52. gxh5
gxh5 53. Rxh5 Re4 54. Kf2 Re5 55. Rh6+ Re6 56. Nf6 Bf5 57. h4 Ke5 58. Nd7+ Kd6
59. Rxe6+ Kxe6 60. Nc5+ Kd5 61. Nb3 Bg4 62. Nd2 Ke5 63. Nf1 Bd1 64. Ng3 Bg4 65.
Ne2 Kf5 66. Ng3+ Ke5 67. Ke1 Bf3 68. Kd2 Bg4 69. Kc3 Be6 70. Kb4 Kd5 71. h5 Ke5
72. Kc5 Bg8 73. Kc6 Ke6 74. Kc7 Ke7 75. Kc6 Ke6 76. Kc5 Ke5 77. Kb4 Bh7 78. Kc3
Bg8 79. Kd3 Bh7+ 80. Ke2 Bg8 81. Kf3 Be6 82. e4 Bd7 83. Ke3 Be6 84. Ne2 Bf7 85.
Nf4 Bb3 86. Nd3+ Kd6 87. Kf4 Bd1 88. e5+ Ke6 89. h6 Kf7 90. Kg5 Bc2 91. Nf4 Bb1
92. Nh5 Ke6 93. Kf4 Bg6 94. Nf6 Kf7 95. Ne4 Bh5 96. Ng5+ Kg6 97. h7 Kg7 98. Kf5
Bg6+ 99. Ke6 Bh5 100. Ke7 Bg6 101. Kd6 Bf5 102. Kd5 Bg4 103. Ke4 Bd7 104. Kf4
Bc8 105. Kg3 Bd7 106. Ne4 Bf5 107. Nf6 Bxh7 108. Nxh7 Kxh7 109. Kf4 Kg7 110.
Kf5 Kf7 111. e6+ Ke7 112. Ke5 Ke8 113. Kd6 Kd8 114. e7+ Ke8 115. Ke6 1/2-1/2

[Event "25. Copenhagen Open  (Politiken Cup)"]
[Site "Copenhagen"]
[Date "2003.07.20"]
[Round "7"]
[White "Hjelm, Niclas"]
[Black "Nyysti, Sampsa"]
[Result "1-0"]
[WhiteElo "2331"]
[BlackElo "2399"]
[PlyCount "91"]
[EventDate "2003.07.14"]
[EventType "swiss"]
[EventRounds "11"]
[EventCountry "DEN"]
[SourceDate "2004.01.01"]

1. d4 Nf6 2. c4 e6 3. Nf3 b6 4. a3 Ba6 5. Qc2 Bb7 6. Nc3 c5 7. e4 cxd4 8. Nxd4
Bc5 9. Nb3 Nc6 10. Bg5 Be7 11. Be2 O-O 12. O-O Ne5 13. Bf4 d6 14. Nd4 Rc8 15.
b3 a6 16. a4 Rc7 17. Rfd1 Qa8 18. f3 Rcc8 19. Qb2 Ng6 20. Be3 d5 21. exd5 exd5
22. Nf5 Bc5 23. Bxc5 Rxc5 24. b4 Rc7 25. Nxd5 Bxd5 26. cxd5 Rfc8 27. Qd4 Ne7
28. Nxe7+ Rxe7 29. Bf1 Qb7 30. Qd3 Rd8 31. Qxa6 Qxa6 32. Bxa6 Rxd5 33. Rxd5
Nxd5 34. Rd1 Nc7 35. Rd8+ Re8 36. Rxe8+ Nxe8 37. Bb7 Nd6 38. Bd5 Kf8 39. Kf2
Ke7 40. Ke3 f6 41. g4 Nc8 42. Kd4 Kd6 43. h4 Ne7 44. Be4 g6 45. g5 fxg5 46.
hxg5 1-0

[Event "25. Copenhagen Open  (Politiken Cup)"]
[Site "Copenhagen"]
[Date "2003.07.20"]
[Round "7"]
[White "Hoi, Carsten"]
[Black "Hector, Jonny"]
[Result "0-1"]
[WhiteElo "2385"]
[BlackElo "2538"]
[PlyCount "80"]
[EventDate "2003.07.14"]
[EventType "swiss"]
[EventRounds "11"]
[EventCountry "DEN"]
[SourceDate "2004.01.01"]

1. d4 d5 2. Nf3 Nf6 3. c4 c6 4. e3 Bf5 5. Nc3 e6 6. Bd3 Bg6 7. O-O Nbd7 8. Qe2
Bb4 9. Bd2 a5 10. a3 Bxd3 11. Qxd3 Be7 12. e4 Nc5 13. dxc5 dxe4 14. Qe3 exf3
15. Rfd1 fxg2 16. Na4 O-O 17. Nb6 Ng4 18. Qg3 Bxc5 19. Qxg4 f5 20. Qe2 Qxb6 21.
Qxe6+ Kh8 22. Bc3 Bxf2+ 23. Kxg2 Bh4 24. Rf1 Bf6 25. Qxf5 h6 26. Bxf6 Rxf6 27.
Qe5 Rg6+ 28. Kh1 Rd8 29. Rg1 Rxg1+ 30. Rxg1 Qd4 31. Qe7 Qd7 32. Qe5 a4 33. Re1
Qg4 34. Qe2 Qxe2 35. Rxe2 Rd1+ 36. Kg2 Rc1 37. Re7 Rc2+ 38. Kg3 Rxb2 39. c5 Rb5
40. h4 Rxc5 0-1

[Event "25. Copenhagen Open  (Politiken Cup)"]
[Site "Copenhagen"]
[Date "2003.07.20"]
[Round "7"]
[White "Houska, Jovanka"]
[Black "Solleveld, Maarten"]
[Result "1/2-1/2"]
[WhiteElo "2350"]
[BlackElo "2458"]
[PlyCount "84"]
[EventDate "2003.07.14"]
[EventType "swiss"]
[EventRounds "11"]
[EventCountry "DEN"]
[SourceDate "2004.01.01"]

1. e4 c5 2. Nc3 e6 3. g3 d5 4. d3 Nf6 5. Bg2 Be7 6. Nge2 O-O 7. O-O Nc6 8. exd5
exd5 9. d4 cxd4 10. Nxd4 Bg4 11. Qd3 Nb4 12. Qd2 Qd7 13. b3 Rac8 14. Bb2 Nc6
15. Nxc6 bxc6 16. Ne2 Ne4 17. Qd3 Nc5 18. Qd2 Bh3 19. Nf4 Bxg2 20. Kxg2 Qf5 21.
Rae1 Bd6 22. Nh3 Rfe8 23. f3 h5 24. Nf2 Ne6 25. Nh3 c5 26. Qd3 Qxd3 27. cxd3 c4
28. dxc4 dxc4 29. bxc4 Rxc4 30. Re2 Ra4 31. Ba1 Nf4+ 32. Nxf4 Rxe2+ 33. Nxe2
Rxa2 34. Rd1 Rxe2+ 35. Kh3 Be7 36. Rd5 Ra2 37. Be5 Ra6 38. Bd4 Ra4 39. Rd7 a5
40. Rxe7 Rxd4 41. Re5 Rd3 42. Rxa5 Rxf3 1/2-1/2

[Event "25. Copenhagen Open  (Politiken Cup)"]
[Site "Copenhagen"]
[Date "2003.07.20"]
[Round "7"]
[White "Hovmoller, Kristian"]
[Black "Tidman, Sophie E"]
[Result "1-0"]
[WhiteElo "2302"]
[BlackElo "2126"]
[PlyCount "77"]
[EventDate "2003.07.14"]
[EventType "swiss"]
[EventRounds "11"]
[EventCountry "DEN"]
[SourceDate "2004.01.01"]

1. d4 Nf6 2. c4 e6 3. Nc3 c5 4. d5 exd5 5. cxd5 d6 6. e4 g6 7. f4 Bg7 8. Bb5+
Nfd7 9. a4 O-O 10. Nf3 Na6 11. O-O Nb4 12. Re1 a6 13. Bf1 Re8 14. Be3 Nf6 15.
Bf2 Bg4 16. Rc1 Bh6 17. h3 Bd7 18. Qd2 Nh5 19. g3 Qf6 20. Qd1 b6 21. e5 dxe5
22. Nxe5 Rxe5 23. fxe5 Qg5 24. Qf3 Qd2 25. Rcd1 Qxb2 26. e6 fxe6 27. dxe6 Rf8
28. exd7 Rxf3 29. d8=Q+ Rf8 30. Bc4+ Kh8 31. Ne4 Qc2 32. Be6 Qxa4 33. Qxb6 Nc2
34. Qxc5 Bg7 35. Re2 Ne3 36. Rde1 Nd1 37. Qc2 Qxc2 38. Rxc2 Nxf2 39. Nxf2 1-0